=LDR 00000nam 2200000 4500 =001 INLIS000000000053738 =005 20200324070440 =035 ##$$a 0010-0119000054 =007 ta =008 200324################g##########0#ind## =020 ##$$a 978-602-1306-65-9 =082 ##$$a 297.541 =084 ##$$a 297.541 MUJ d =100 #$$a Mujtahidin =245 1#$$a Doa-doa khusus agar dikaruniai momongan : $b Kisah dan amalan keluarga yang berhasil mendapatkan keturunan setelah bertahun-tahun menanti /$c Mujtahidin, Ismail atmadipoera; Penyunting, Laura ariestyanty =260 ##$$a Jakarta :$b Noura Books,$c 2014 =300 ##$$a xi, 211 hlm. ; $c 13 x 20 cm. =650 #4$$a Do'a =250 ##$$a Cet. 1 =700 #$$a ismail atmadipoera =504 ##$$a Biografi : hlm.211 - 212 =990 ##$$a 31800207